| 000 | 00852nam a22002417a 4500 | ||
|---|---|---|---|
| 999 |
_c11164 _d11164 |
||
| 003 | AR-CdUCM | ||
| 008 | 190403b ||||| |||| 00| 0 spa d | ||
| 040 |
_aMUNICIPALIDAD PROVINCIAL DEL CUSCO _cBIBLIOTECA MUNICIPAL DEL CUSCO |
||
| 041 | _hger | ||
| 082 |
_a351.740943 / _bK77 / 1941 |
||
| 100 |
_aKoeler, Hansjurgen _928379 |
||
| 245 |
_aLa Gestapo por dentro : _bLa sombra de Hitler sobre el mundo / |
||
| 260 |
_aBuenos Aires : _bMackern, _c1941. |
||
| 300 |
_a281 páginas ; _c20 cm. |
||
| 500 | _aHojas de los libros en mal estado. | ||
| 505 | _aContenido: El nacimiento del Gestapo -- Los amos de la Gestapo -- "Debe ser raptado" -- Enturbiando en el sarre ... | ||
| 650 |
_aAlemania _91327 |
||
| 650 |
_aPolitica _9291 |
||
| 650 |
_aSiglo XX _98 |
||
| 700 |
_aDavidson, Miguel (traductor) _928380 |
||
| 942 |
_2ddc _cLIBROS |
||
| 945 | _acmm | ||